| 000 | 02744cam a22003735i 4500 | ||
|---|---|---|---|
| 999 |
_c6744 _d6744 |
||
| 001 | 18987149 | ||
| 003 | GBCCL | ||
| 005 | 20241126110610.0 | ||
| 008 | 160223s2015 oru b 000 0 eng d | ||
| 010 | _a 2015510801 | ||
| 020 | _a9781498223751 | ||
| 020 | _a1498223753 | ||
| 035 | _a(OCoLC)ocn939533003 | ||
| 040 |
_aEXN _beng _cEXN _erda _dBTCTA _dYDXCP _dTEF _dDLC |
||
| 042 | _alccopycat | ||
| 050 | 0 | 0 |
_aBT103 _b.N45 2015 |
| 082 |
_a231 _bNEL |
||
| 100 | 1 |
_aNelson, Robert H., _eauthor _912122 |
|
| 245 | 0 | 0 |
_aGod? Very probably : _bfive rational ways to think about the question of a god / _cRobert H. Nelson ; foreword by Herman Daly. |
| 264 | 1 |
_aEugene, Oregon : _bCascade Books, _c[2015] |
|
| 300 |
_axvi, 280 pages ; _c23 cm. |
||
| 336 |
_atext _btxt _2rdacontent |
||
| 337 |
_aunmediated _bn _2rdamedia |
||
| 338 |
_avolume _bnc _2rdacarrier |
||
| 504 | _aIncludes bibliographical references (pages 269-280). | ||
| 505 | 0 | _aIntroduction -- Thinking about God -- God the mathematician: the miracle of mathematical order in the natural world -- Darwinsim as secular fundamentalism -- Scientifically inexplicable: the mystery of human consciousness -- Divine agency in recorded human history: are there "miracles"? -- Secular religion, Christianity, and modernity -- Conclusion. | |
| 520 | _aIn recent years, a number of works have appeared with important implications for the age-old question of the existence of a god. These writings, many of which are not by theologians, strengthen the rational case for the existence of a god, even as this god may not be exactly the Christian God of history. This book brings together for the first time such recent diverse contributions from fields such as physics, the philosophy of human consciousness, evolutionary biology, mathematics, the history of religion, and theology. Based on such new materials as well as older ones from the twentieth century, it develops five rational arguments that point strongly to the (very probable) existence of a god. They do not make use of the scientific method, which is inapplicable to the question of a god. Rather, they are in an older tradition of rational argument dating back at least to the ancient Greeks. For those who are already believers, the book will offer additional rational reasons that may strengthen their belief. Those who do not believe in the existence of a god at present will encounter new rational arguments that may cause them to reconsider their opinion. --back cover. | ||
| 650 | 0 |
_aGod. _93861 |
|
| 650 | 0 |
_aGod _xProof. _96063 |
|
| 700 | 1 |
_aDaly, Herman, _eforeword _912123 |
|
| 906 |
_a7 _bcbc _cpccadap _d2 _encip _f20 _gy-gencatlg |
||
| 942 |
_2ddc _cBK _04 |
||